Pakistan Strategic Country Environmental Assessment [vol 1] / (Record no. 2072)

000 -LEADER
fixed length control field 00276 a2200085 4500
082 ## - DEWEY DECIMAL CLASSIFICATION NUMBER
Classification number 333.7140954 BAN
245 ## - TITLE STATEMENT
Title Pakistan Strategic Country Environmental Assessment [vol 1] /
Statement of responsibility, etc. The World Bank
260 ## - PUBLICATION, DISTRIBUTION, ETC.
Place of publication, distribution, etc. Asia :
Name of publisher, distributor, etc. The World Bank,
Date of publication, distribution, etc. 2006
300 ## - PHYSICAL DESCRIPTION
Extent vi, 42p. :
Other physical details ill. ;
Dimensions 30 cm
650 ## - SUBJECT ADDED ENTRY--TOPICAL TERM
Topical term or geographic name entry element Country Environment
Holdings
Withdrawn status Lost status Damaged status Not for loan Permanent Location Current Location Shelving location Date acquired Total Checkouts Full call number Barcode Date last seen Price effective from Koha item type
        School of Civil and Environmental Engineering (SCEE) School of Civil and Environmental Engineering (SCEE)       333.7140954 BAN NIT-3595 01/05/2017 01/05/2017 Book
© 2023 Central Library, National University of Sciences and Technology. All Rights Reserved.